ბათუმის შოთა რუსთაველის სახელმწიფო უნივერსიტეტის ბიბლიოთეკა

ნაგებობათა თეორიის ამოცანათა კრებული. ნაწ.II / (ბიბ.ჩანაწერი № 39063)

000 -ლიდერი
ფიქსირებული სიგრძის საკონტროლო ველი 00957nam a2200253Ia 4500
001 - საკონტროლო ნომერი
საკონტროლო ველი 5606
003 - საკონტროლო ნომრის იდენტიფიკატორი
საკონტროლო ველი GE_BSU
005 - ბოლო ოპერაციის თარიღი და დრო
საკონტროლო ველი 20190424114529.0
008 - ფიქსირებული სიგრძის მონაცემთა ელემენტები - ზოგადი ინფორმაცია
ფიქსირებული სიგრძის საკონტროლო ველი 181216s1959||||ge |||||||||||||| ||geo||
040 ## - კატალოგიზაციის წყარო
Transcribing agency GE_BSU
041 ## - ენის კოდი
Language code of text/sound track or separate title geo
080 ## - უნივერსალური ათობითი კლასიფიკაციის ინდექსი
Universal Decimal Classification number 624.04(076.1) ბ-32
100 ## - მთავარი ჩანაწერი - პიროვნების სახელი
Personal name ბაციკაძე, ვ.
9 (RLIN) 459
245 ## - ცნობა სათაურის შესახებ
Title ნაგებობათა თეორიის ამოცანათა კრებული. ნაწ.II /
Statement of responsibility, etc ვ. ბაციკაძე ; რედ. ა.კაკუშაძე.
260 ## - გამოქვეყნების, გავრცელების, და სხვა. ცნობები
Place of publication, distribution, etc თბ.
260 ## - გამოქვეყნების, გავრცელების, და სხვა. ცნობები
Name of publisher, distributor, etc სპი.
260 ## - გამოქვეყნების, გავრცელების, და სხვა. ცნობები
Date of publication, distribution, etc 1959.
300 ## - ფიზიკური აღწერა
Extent 360 გვ. :
Other physical details ნახაზ. ;
Dimensions 22 სმ.
504 ## - BIBLIOGRAPHY, ETC. NOTE
Bibliography, etc ბიბლიოგრ. : გვ.357.
653 ## - INDEX TERM--UNCONTROLLED
Uncontrolled term ნაგებობათა თეორია
653 ## - INDEX TERM--UNCONTROLLED
Uncontrolled term სამშენებლო ნაგებობები
700 ## - ADDED ENTRY--PERSONAL NAME
Personal name ა. კაკუშაძე
Relator term რედაქტორი.
9 (RLIN) 460
942 ## - ADDED ENTRY ELEMENTS (KOHA)
Koha item type წიგნი
Source of classification or shelving scheme
ეგზემპლარები
ჩამოწერის სტატუსი დაკარგული ეგზემპლარის სტატუსი კლასიფიკაციის წყარო ან თაროზე გაწყობის სქემა დაზიანების სტატუსი არ გაიცემა მუდმივი მდებარეობა (დაცვის ადგილი) ამჟამინდელი ადგილსამყოფელი თაროზე განთავსების ადგილი შეძენის თარიღი ღირებულება, შესყიდვის ნორმალური ფასი სრული შენახვის შიფრი შტრიხკოდი ბოლო ოპერაციის თარიღი ეგზემპლარის მიმდევრობითი ნომერი (კეტერი?) ფასის ძალაში შესვლის თარიღი ეგზემპლარის სახეობა საჯარო შენიშვნა
          ბათუმის შოთა რუსთაველის სახელმწიფო უნივერსიტეტის მთავარი ბიბლიოთეკა ტექნოლოგიური ფაკულტეტის ბიბლიოთეკა წიგნსაცავი 2018-12-17 1.76 624.04(076.1) ბ-32 11346 2018-12-17 11346 2018-12-17 წიგნი 1.76 ლ.
          ბათუმის შოთა რუსთაველის სახელმწიფო უნივერსიტეტის მთავარი ბიბლიოთეკა ტექნოლოგიური ფაკულტეტის ბიბლიოთეკა წიგნსაცავი 2018-12-17 1.76 624.04(076.1) ბ-32 11347 2018-12-17 11347 2018-12-17 წიგნი 1.76 ლ.
          ბათუმის შოთა რუსთაველის სახელმწიფო უნივერსიტეტის მთავარი ბიბლიოთეკა ტექნოლოგიური ფაკულტეტის ბიბლიოთეკა წიგნსაცავი 2018-12-17 1.76 624.04(076.1) ბ-32 11348 2018-12-17 11348 2018-12-17 წიგნი 1.76 ლ.